स्वर्ण दिन : कुछ भावनात्मक संस्करण (Record no. 1464388)
[ view plain ]
| 000 -LEADER | |
|---|---|
| fixed length control field | 00985nam a22002297a 4500 |
| 005 - DATE AND TIME OF LATEST TRANSACTION | |
| control field | 20251001111326.0 |
| 008 - FIXED-LENGTH DATA ELEMENTS--GENERAL INFORMATION | |
| fixed length control field | 251001b |||||||| |||| 00| 0 eng d |
| 037 ## - SOURCE OF ACQUISITION | |
| Terms of availability | TB |
| 040 ## - CATALOGING SOURCE | |
| Original cataloging agency | CRL |
| Transcribing agency | CRL |
| 041 ## - LANGUAGE CODE | |
| Source of code | hin |
| Language code of text/sound track or separate title | hin |
| 084 ## - COLON CLASSIFICATION NUMBER | |
| Classification number | V2y7N50 152R4 |
| Assigning agency | CRL |
| 100 ## - MAIN ENTRY--PERSONAL NAME | |
| Personal name | शर्मा, गिरीश म. |
| 9 (RLIN) | 847083 |
| 245 ## - TITLE STATEMENT | |
| Title | स्वर्ण दिन : कुछ भावनात्मक संस्करण |
| 260 ## - PUBLICATION, DISTRIBUTION, ETC. | |
| Place of publication, distribution, etc. | गुजरात, भारत; |
| Name of publisher, distributor, etc. | गिरीश म. शर्मा, |
| Date of publication, distribution, etc. | 2024. |
| 300 ## - PHYSICAL DESCRIPTION | |
| Extent | 142पृ. |
| 365 ## - TRADE PRICE | |
| Price amount | 300.00 |
| 650 ## - SUBJECT ADDED ENTRY--TOPICAL TERM | |
| Topical term or geographic name entry element | इतिहास |
| 9 (RLIN) | 847084 |
| 650 ## - SUBJECT ADDED ENTRY--TOPICAL TERM | |
| Topical term or geographic name entry element | भारत इतिहास |
| 9 (RLIN) | 847085 |
| 700 ## - ADDED ENTRY--PERSONAL NAME | |
| Personal name | शर्मा, कुसुम गिरीश |
| Relator term | अनुवादक |
| 9 (RLIN) | 847086 |
| 942 ## - ADDED ENTRY ELEMENTS (KOHA) | |
| Source of classification or shelving scheme | Colon Classification (CC) |
| Koha item type | Textbook |
| Classification part | V2y7N50 152R4 |
| Suppress in OPAC | No |
| Withdrawn status | Lost status | Source of classification or shelving scheme | Damaged status | Not for loan | Home library | Current library | Date acquired | Source of acquisition | Cost, normal purchase price | Inventory number | Total Checkouts | Full call number | Barcode | Date last seen | Price effective from | Koha item type |
|---|---|---|---|---|---|---|---|---|---|---|---|---|---|---|---|---|
| Colon Classification (CC) | Central Library | Central Library | 2025-10-01 | वी. सी. ऑफिस | 300.00 | गिफ्ट | V2y7N50 152R4 | CL1700188 | 2025-10-01 | 2025-10-01 | Textbook | |||||
| Colon Classification (CC) | Central Library | Central Library | 2025-10-01 | वी. सी. ऑफिस | 300.00 | गिफ्ट | V2y7N50 152R4 | CL1700189 | 2025-10-01 | 2025-10-01 | Textbook |
